Welcome to the Holygrace Academy Library

Please use search bar below to get started

STEVE JOBS (Record no. 5630)

MARC details
000 -LEADER
fixed length control field 00268nam a22001337a 4500
020 ## - INTERNATIONAL STANDARD BOOK NUMBER
ISBN 978-0-3491-4043-8
082 ## - DEWEY DECIMAL CLASSIFICATION NUMBER
Classification number 920
Item number ISA/S
100 ## - MAIN ENTRY--AUTHOR NAME
Personal name ISAACSON
245 ## - TITLE STATEMENT
Title STEVE JOBS
260 ## - PUBLICATION, DISTRIBUTION, ETC. (IMPRINT)
Place of publication LONDON
Name of publisher SIMON &SCHUSTER
300 ## - PHYSICAL DESCRIPTION
Number of Pages 568
650 ## - SUBJECT ADDED ENTRY--TOPICAL TERM
Geographic subdivision LONDON
942 ## - ADDED ENTRY ELEMENTS (KOHA)
Koha item type Books
Holdings
Withdrawn status Lost status Collection code Home library Current library Shelving location Date acquired Source of acquisition Full call number Accession Number Koha item type
    Reference Main Library Main Library SHELF-17-I-BIOGRAPHIES & AUTOBIOGRAPHIES 16/01/2019 PURCHASE 920 ISA/S 10443 Books